| 000 | 01166cam a2200265 a 4500 | ||
|---|---|---|---|
| 003 | EG-GiCUC | ||
| 005 | 20250223032501.0 | ||
| 008 | 191216s1992 ua f m 000 0 ara d | ||
| 040 |
_aEG-GiCUC _bara _cEG-GiCUC |
||
| 041 | 0 | _aara | |
| 049 | _aاهداء | ||
| 097 | _aدكتوراه | ||
| 099 | _aCai01.34.Ph.D.1992.عب.ظ | ||
| 100 | 0 | _aعبدالفتاح حسن على البجة | |
| 245 | 1 | 0 |
_aظاهرة قياس الحمل فى اللغة العربية بين علماء اللغة القدامى و المحدثين / _cعبدالفتاح حسن على البجة ؛ إشراف رمضان عبدالتواب |
| 260 |
_aالقاهرة : _bعبدالفتاح حسن على البجة : _c1992 |
||
| 300 |
_a464ورقة ؛ _c30سم |
||
| 500 | _aإهداء من مكتبة الأستاذ الدكتور على أبوالمكارم | ||
| 502 | _aاطروحة (دكتوراه) - جامعة عين شمس - كلية الآداب - قسم اللغة العربية | ||
| 700 | 0 |
_aرمضان عبدالتواب : _eمشرف |
|
| 856 | _uhttp://172.23.153.220/th.pdf | ||
| 905 |
_aNazla _eRevisor |
||
| 905 |
_aSamia _eCataloger |
||
| 942 |
_2ddc _cTH |
||
| 999 |
_c75918 _d75918 |
||